00649nam a2200229 4500001001300000003000400013005001700017008004100034010001700075025002000092050001900112082001200131100004000143245004700183260003900230300002600269350001000295504003100305651002800336651003800364999001700402sa 68012981 DLC20260227112618.0691027s1968 ii b 00010 eng  asa 68012981  aPL480:I-E-102470 aHC435.2b.S543 a338.95410aShenoy, Bellikoth Raghunath,d1908-1 aIndian economic policyc[by] B. R. Shenoy.0 aBombay,bPopular Prakashanc[1968] axviii, 354 p.c23 cm. a25.00 aBibliographical footnotes. 0aIndiaxEconomic policy. 0aIndiaxEconomic conditionsy1947- c84854d84854